Normal view MARC view
  • Amistad

Entry Materia

Number of records used in: 42

001 - NÚMERO DE CONTROL DEL REGISTRO

  • campo de control: 4317

003 - IDENTIFICADOR DE NUMERO DE CONTROL

  • campo de control: UPN

005 - FECHA Y HORA DE LA ÚLTIMA TRANSACCIÓN

  • campo de control: 20240909164658.0

008 - DATOS DE LONGITUD FIJA

  • campo de control de longitud fija: 220818nn anznnbabn a ana |d

035 ## - NÚMERO DE CONTROL DEL SISTEMA

  • Número de control del sistema: UPN10000004317

040 ## - FUENTE DE LA CATALOGACIÓN

  • Lengua de catalogación: spa
  • Agencia de transcripción: MX-MxUPN
  • Centro catalogador de origen: MX-MxUPN

046 ## - FECHAS CON CODIFICACIÓN ESPECIAL

  • Fecha final para contenidos agregados: 2022

053 #4 - NÚMERO CLASIFICADOR - BIBLIOTECA DEL CONGRESO (LC)

  • Elemento numérico de la clasificación - Número único o no. inicial del rango: BJ1533 F8
  • Frase explicativa: Etica

053 #4 - NÚMERO CLASIFICADOR - BIBLIOTECA DEL CONGRESO (LC)

  • Elemento numérico de la clasificación - Número único o no. inicial del rango: BF575 F6.6
  • Frase explicativa: Psicología

150 ## - ENCABEZAMIENTO - TEMÁTICO

  • Término de materia o nombre geográfico como elemento inicial: Amistad

670 ## - FUENTE EN LA QUE SE LOCALIZARON DATOS

  • Cita de la fuente: E

902 ## - CATALOGADOR

  • Catalogador: MMA/210498